Normal view MARC view
  • Block Sevilla, David

Entry Nombre Personal

Number of records used in: 29

001 - NUMERO DE CONTROL

  • campo de control: 32624

003 - IDENTIFICADOR DE NUMERO DE CONTROL

  • campo de control: MX-MxUPN

005 - FECHA Y HORA DE LA ÜLTIMA TRANSACCIÓN

  • campo de control: 20251027100133.0

008 - DATOS DE LONGITUD FIJA

  • campo de control de longitud fija: 251023n| acnnnaabn a aaa |d

035 ## - NUMERO DE CONTROL

  • Número de control: UPN11000004731

040 ## - FUENTE DE CATALOGACIÓN

  • Agencia original de catalogación: MX-MxUPN
  • Lenguaje de catalogación: spa
  • Agencia de transcripción: MX-MxUPN

100 1# - ENCABEZAMIENTO - NOMBRE PERSONAL

  • Nombre personal: Block Sevilla, David

400 1# - VEÁSE - NOMBRE DE PERSONA

  • Personal name: Block, David

670 ## - FUENTE EN LA QUE SE LOCALIZARON DATOS

  • Cita de la fuente: Más de uno, pero menos de dos : la enseñanza de las fracciones y los decimales en la educación básica, 2022:
  • Uniform Resource Identifier: portada (David Block Sevilla)

670 ## - FUENTE EN LA QUE SE LOCALIZARON DATOS

  • Cita de la fuente: ¿Al doble le toca el doble? : la enseñanza de la proporcionalidad en la educación básica, 2010:
  • Uniform Resource Identifier: portada (David Block Sevilla) cubierta (David Block)

680 ## - NOTA PUBLICA DE ACCESO PÚBLICO

  • Frase explicativa de la referencia: Investigador educativo mexicano

902 ## - CATALOGADOR

  • Catalogador: CAA/121012